この感染症、何類? - Statistics

General Stats
  • This quiz has been taken 153 times
  • The average score is 14 of 14
Answer Stats
病名 % Correct
新型コロナウイルス 5
100%
エボラ出血熱 1
99%
結核 2
98%
コレラ 3
98%
腸チフス 3
98%
狂犬病 4
98%
インフルエンザ 5
98%
デング熱 4
97%
梅毒 5
96%
ペスト 1
95%
大部分の鳥インフルエンザ 3
95%
マラリア 4
95%
クロイツフェルト・ヤコブ病 5
95%
破傷風 5
95%
No matching quizzes found
Score Distribution
Percent of People with Each Score
Percentile by Number Answered
Your Score History
You have not taken this quiz